| 000 | 00810nam a22001337a 4500 | ||
|---|---|---|---|
| 040 | _cRUA | ||
| 082 | _aAGR SEM 2013 B054 Or.1 | ||
| 100 | _aSEM, NHANH. | ||
| 245 | _aWeed management measure of IR 66 direct seedling in dry season at crop station of royal university of agriculture, វិធានការគ្រប់គ្រងស្មៅចង្រៃលើដំណាំស្រូវពង្រួសពូជស្រូវអ៊ីអ៊ែរ ៦៦ ក្នុងលក្ខខណ្ឌរដូវប្រាំងនៅសាកលវិទ្យាល័យភូមិន្ទកសិកម្ម | ||
| 260 |
_aPhnom Penh _bRUA _c2013 |
||
| 300 |
_axii; 48p. _bill. _c29cm. |
||
| 856 | _uhttps://drive.google.com/file/d/1LZUM4Y8ADi5tkU6Uv8_gaG1Z4flsXIeO/view?usp=sharing | ||
| 942 | _cAGR | ||
| 999 |
_c1288 _d1288 |
||